000 00461nam a22001817a 4500
005 20251108172201.0
008 250721s1990 xx 000 0 ara d
082 1 4 _aق/بيا
100 1 _aروفايل، بيار
245 1 0 _aسر الراهبة /
250 _aط5
264 1 _aبيروت :
_bدار الجيل،
_c1990.
300 _a218ص
650 1 7 _aالأدب العربي
650 1 7 _aالروايات
942 _2ddc
_cBK
999 _c72563
_d72563